The Longest Words in Fernando's Spelling Bee! - Statistics

General Stats
  • This quiz has been taken 258 times
  • The average score is 3 of 5
Answer Stats
Hint Answer % Correct
A chemical composition for "titin". Methionylthreonylthreonylglutaminylarginyltyrosylglutamylserylleucylphenylalanylalanylglutaminylleuc
65%
The longest place name in New Zealand, Porangahau. Taumatawhakatangihangakoauauotamateaturipukakapikimaungahoronukupokaiwhenuakitanatahu
63%
The full name of Bangkok. Krungthepmahanakhonamonrattanakosinmahintharayutthayamahadilokphopnoppharatratchathaniburiromudomratchaniwetmahasathanamonphimanawatansathitsakkathattiyawitsanukamprasit
53%
A german law that is a delegation law. Rindfleischetikettierungsuberwachungsaufgabenubertragungsgesetz
38%
Translation: "The media announcement of the speech writer who convenes the strike meeting" Tweedehandsemotorverkoopsmannevakbondstakingsvergaderingsameroeperstoespraakskrywerspersverklaringuitreikingsmediakonferensieaankondiging
35%
No matching quizzes found
Score Distribution
Percent of People with Each Score
Percentile by Number Answered
Your Score History
You have not taken this quiz